駅が一つで面積が広い市町村 - Statistics

General Stats
  • This quiz has been taken 4 times
  • The average score is 5 of 9
Answer Stats
順位 都道府県 面積 Answer % Correct
1位 北海道 1063㎢ 新得町
75%
2位 岩手県 992㎢ 岩泉町
75%
8位 和歌山県 351㎢ 有田川町
75%
9位 和歌山県 331㎢ 日高川町
75%
3位 北海道 763㎢ 夕張市
50%
4位 北海道 711㎢ むかわ町
50%
6位 山形県 337㎢ 尾花沢市
50%
7位 宮城県 332㎢ 気仙沼市
50%
5位 北海道 672㎢ 美深町
25%
No matching quizzes found
Score Distribution
Percent of People with Each Score
Percentile by Number Answered
Your Score History
You have not taken this quiz